| 000 | 00467nam a2200193Ia 4500 | ||
|---|---|---|---|
| 008 | 210707s1982 xx 000 0 und d | ||
| 020 | _a0719539005 | ||
| 041 | _aeng | ||
| 082 | _a796.334 SMIS | ||
| 100 | _aSMITH (Mike) and WADE (Allen) | ||
| 245 | _aSuccess in football. Ed 2. | ||
| 250 | _a2 | ||
| 260 |
_aLondon. _bJohn Murray _c1982 |
||
| 300 | _a96 p | ||
| 365 |
_b64 _cINR |
||
| 563 | _aHB | ||
| 650 | _aAthletic & Outdoor Sports | ||
| 906 | _aFootball | ||
| 999 |
_c180448 _d180448 |
||